书目信息 |
| 题名: |
考研数学复习全书. 数学三
|
|
| 作者: | 李永乐 , 王式安 , 季文铎 主编 | |
| 分册: | ||
| 出版信息: | 2017.01 国家行政学院出版社 |
|
| 页数: | 416页 | |
| 开本: | 20cm | |
| 丛书名: | ||
| 单 册: | ||
| 中图分类: | O13 | |
| 科图分类: | ||
| 主题词: | 高等数学 | |
| 电子资源: | ||
| ISBN: | 7-5150-1813-5 | |
| 000 | 00663nam0 2200205 450 | |
| 001 | 1834545754 | |
| 005 | 20180523093755.81 | |
| 010 | @a7-5150-1813-5@dCNY69.80 | |
| 100 | @a20180523d km y0chiy0120 ea | |
| 101 | 0 | @achi |
| 200 | 1 | @a考研数学复习全书. 数学三@Akao yan shu xue fu xi quan shu.shu xue san@f李永乐, 王式安, 季文铎主编@Fli yong yue,wang shi an,ji wen duo zhu bian |
| 210 | @c2017.01@d国家行政学院出版社 | |
| 215 | @a416页@d20cm | |
| 606 | 0 | @a高等数学 |
| 690 | @aO13@v4 | |
| 701 | 0 | @a李永乐@Ali yong yue@4主编 |
| 701 | 0 | @a王式安@Awang shi an@4主编 |
| 701 | 0 | @a季文铎@Aji wen duo@4主编 |
| 801 | 0 | @aCN@bMUSE@c20180523 |
| 905 | @aMUSE@dO13@eL3280 | |
| 考研数学复习全书. 数学三/李永乐, 王式安, 季文铎主编.-2017.01,国家行政学院出版社 |
| 416页;20cm |
| ISBN 7-5150-1813-5:CNY69.80 |
| ● |
| 相关链接 |
|
|
|
正题名:考研数学复习全书. 数学三
索取号:O13/L3280
 
预约/预借
| 序号 | 登录号 | 条形码 | 馆藏地/架位号 | 状态 | 备注 |
| 1 | 0973051 | 209730512 | 自科库401/401自科库 106排6列6层/ [索取号:O13/L3280] | 在馆 |